000 00412 a2200169 4500
001 174394
020 _a85-08-04234-5
040 _cMagnum
100 _aPenteado, Maria Heloísa
240 1 0 _aO ganso de ouro / os doze caçadores do rei
_lpor
245 1 0 _aO ganso de ouro / os doze caçadores do rei
300 _a16
362 0 _a1992
440 1 _aÁtica
697 _aLITERATURA INFANTO
942 _cBK
999 _c174394
_d174394